00306nam a2200109Ia 4500008004000000082001500040100003100055245003800086260003800124300001100162650002300173210210b1977 xxu||||| |||| 00| 0 eng d a541.3 GROP aGROSS (J M) & WISEALL (B). aPrinciples of physical chemistry. aNew YorkbMacdonald & Evansc1977 axx,489 aPhysical Chemistry